000
00320nam a2200121Ia 4500
008
191201s2003 xx 000 0 und d
100
_a
CHERUNILAM,Francis
245
0
_a
International Trade and Export Management
260
_a
N. Delhi
_b
Himalaya Publication House
_c
2003
300
_a
478
650
_a
MBA
942
_2
ddc
_c
BK
999
_c
200
_d
200